| 000 | 01327nam a2200313Ia 4500 | ||
|---|---|---|---|
| 001 | H6752 | ||
| 003 | IT-RoPAU | ||
| 008 | 130308s9999 xx 000 0 und d | ||
| 040 | _aIT-RoPAU | ||
| 040 | _cIT-RoPAU | ||
| 041 | _aITALIANO | ||
| 100 | _aGuglielmin Riccardo | ||
| 100 | _gCodice Aut. SPICS: 58659 | ||
| 245 | _aFotografo e il fisco (Il) | ||
| 245 | _bFotografo e Il fisco (Il) | ||
| 250 | _a1a ed. | ||
| 260 | _a ROMA | ||
| 260 | _bNuova Arnica | ||
| 260 | _c1998 [1° Ed.:1998 - Ed.Ling.Originale:1998] | ||
| 300 | _a"124 p. (prefazione: no ; testo: 124 [pagine: 0-0])" | ||
| 500 | _a"Prestazioni Professionali; Diritto D'Autore; collaborazione coordinata e Continuativa; Prestazioni Occasionali; Leggi; Risoluzioni; Glossario; Schemie Modelli. Attività di Fotografo. Prestazioni Professionali: Adempimenti Iva; Modulo Apertura posizione Iva; Fatturazione; Liquidazione e Versamentoiva; Ritenuta D'Acconto; Registri; Contributo Previdenziale Inps; Irap. quesiti Professionista. Diritto D'Autore. Dichiarazione dei redditi indicazioni Utili. Appendice: leggi . Risoluzioni del Ministero delle Finanze." | ||
| 650 | _aINDUSTRIA FOTOGRAFICA | ||
| 650 | _eCodice materia Spics: 6756 | ||
| 700 | _aTeriaca R. | ||
| 700 | _gCodice Aut. SPICS: 58660 | ||
| 942 | _cBK | ||
| 957 | _71 | ||
| 999 |
_c92607 _d92607 |
||
| 999 | _g1 | ||